Länder-/Staatenquiz - Statistiken

Allgemein
  • Dieses Quiz wurde 252 mal gespielt
  • Das Durchschnittsergebnis liegt bei 5 aus 7
Antwortstatistiken
Frage Antwort % Korrekt
Welches liegt nicht in Europa? Georgien
100%
Welches Land liegt nicht in Süd-Amerika? Grenada
91%
Welches Land liegt nicht in Nord-Amerika? Tonga
91%
Welches Land hat nicht die Farbe Gelb in dessen Flagge? Estland
82%
Welches Land gehörte früher nicht zu Jugoslawien? Albanien
64%
Welches Land gehörte nicht zur UdSSR? Finnland
55%
Die Flagge welches Landes/Staates hat kein skandinavisches Kreuz? Grönland
55%
Keine übereinstimmenden Quizze gefunden
Verteilung der Resultate
Anzahl Personen mit jedem Resultat
Perzentil nach korrekt beantworteten Fragen
Ihre Resultats-Entwicklung
Sie haben dieses Quiz noch nicht gespielt